Chapman Library

With Christ in the School of Prayer (Record no. 7146)

000 -LEADER
fixed length control field 00297nam a22001217a 4500
020 ## - INTERNATIONAL STANDARD BOOK NUMBER
ISBN 1850300151
050 ## - LIBRARY OF CONGRESS CALL NUMBER
Classification number BV 229 MUR
100 ## - MAIN ENTRY--AUTHOR NAME
Personal name MURRAY, Andrew
245 ## - TITLE STATEMENT
Title With Christ in the School of Prayer
260 ## - PUBLICATION, DISTRIBUTION, ETC. (IMPRINT)
Place of publication Chepstow, Great Britain
Name of publisher Bridge Publishing UK
Year of publication 1984
300 ## - PHYSICAL DESCRIPTION
Number of Pages 207
942 ## - ADDED ENTRY ELEMENTS (KOHA)
Koha item type Books

No copies available.



CSUC Chapman Library is a Koha Automated Library.


Contact us: library@csuc.edu.gh.